000 00806nam a2200241 a 4500
001 16499
003 BD-RjUL
005 20211209000021.0
008 140213s1963 uk a b 000 0 eng d
035 _a(BD-RjUL)16554
040 _aQUT
_beng
_cQUT
_dAAWM
_dBD-RjUL
041 _aeng
082 0 4 _a711.40941
_bOSN 1963
100 1 _aOsborn, Frederic J.,
_q(Frederic James),
_d1885-
_950994
245 1 4 _aThe new towns :
_bthe answer to megalopolis /
_cFrederick J. Osborn and Arnold Whittick.
260 _aLondon :
_bHill,
_c1963.
300 _axvii,376 p. :
_bill. ;
_c26 cm.
504 _aBibliography: p. 359-361. and index.
650 0 _aCities and towns
_xGrowth
_zGreat Britain.
_950995
650 0 _aCity planning
_zGreat Britain.
_95728
700 1 _aWhittick, Arnold,
_d1898-
_950996
942 _2ddc
_cBK
999 _c16499
_d16499